| 000 | 00499nam a2200205Ia 4500 | ||
|---|---|---|---|
| 005 | 20250425161703.0 | ||
| 008 | 250425s9999 xx 000 0 und d | ||
| 020 | _a0849366399 | ||
| 041 | _aeng | ||
| 082 | _a631.41 | ||
| 100 | _aKABATA-PENDIAS, ALINA | ||
| 245 | 0 | _aTRACE ELEMENTS IN SOILS AND PLANTS | |
| 250 | _a1 TH ED. | ||
| 260 |
_aEstados Unidos _bCRC PRESS, INC. _c1984 |
||
| 260 | _aFLORIDA CITY | ||
| 300 | _a315 | ||
| 700 | _aPENDIAS, HENRYK | ||
| 942 | _c01 | ||
| 010 | _a25868 | ||
| 999 |
_c214090 _d214090 |
||